Marxism and radical democracy /

সংরক্ষণ করুন:
গ্রন্থ-পঞ্জীর বিবরন
প্রধান লেখক: Femia, Joseph V.
বিন্যাস: গ্রন্থ
ভাষা:English
ট্যাগগুলো: ট্যাগ যুক্ত করুন
কোনো ট্যাগ নেই, প্রথমজন হিসাবে ট্যাগ করুন!

MARC

LEADER 00000nam a2200000 4500
008 150701b xxu||||| |||| 00| 0 eng d
082 |a Inquiry (Revista) 
090 |b Inquiry (Revista) 
100 1 |a Femia, Joseph V. 
245 1 0 |a Marxism and radical democracy /  |c Joseph V. Femia 
300 |a 293-319 páginas 
773 |g Número 28, número 1-4, 1985  |q páginas 293-310  |t Inquiry 
942 |2 ddc  |c ARC 
999 |c 4347  |d 4347